| 000 | 00390nam a22001697a 4500 | ||
|---|---|---|---|
| 005 | 20180611171905.0 | ||
| 008 | 160511b xxu||||| |||| 00| 0 eng d | ||
| 020 | _a81-7496170-4 | ||
| 041 | _aeng | ||
| 082 |
_b1285 _a657 |
||
| 100 |
_aSehgal Ashok _94347 |
||
| 245 | _aFinancial Accounting | ||
| 260 | _btaxx mam publication | ||
| 300 | _a1069 | ||
| 650 |
_aManagement _9241 |
||
| 942 | _cBK | ||
| 999 |
_c553 _d553 |
||